Tip pandai belajar : (Record no. 2157)

000 -LEADER
fixed length control field nam a22 a 4500
003 - CONTROL NUMBER IDENTIFIER
control field AKMAL
005 - DATE AND TIME OF LATEST TRANSACTION
control field 20170515143023.0
008 - FIXED-LENGTH DATA ELEMENTS--GENERAL INFORMATION
fixed length control field 170515s2003 my 00 may d
020 ## - INTERNATIONAL STANDARD BOOK NUMBER
International Standard Book Number 983192469X (kkt.):
Terms of availability RM20.50
040 ## - CATALOGING SOURCE
Original cataloging agency AKMAL
082 04 - DEWEY DECIMAL CLASSIFICATION NUMBER
Classification number 371.30281 MOH
Edition number 21
090 00 - LOCALLY ASSIGNED LC-TYPE CALL NUMBER (OCLC); LOCAL CALL NUMBER (RLIN)
Classification number (OCLC) (R) ; Classification number, CALL (RLIN) (NR) 371.30281
Local cutter number (OCLC) ; Book number/undivided call number, CALL (RLIN) MOH
100 0# - MAIN ENTRY--PERSONAL NAME
Personal name Mohd. Sharani Ahmad
9 (RLIN) 4521
245 10 - TITLE STATEMENT
Title Tip pandai belajar :
Remainder of title panduan teknik-teknik berkesan semasa belajar dan mengajar /
Statement of responsibility, etc. Mohd. Sharani Ahmad, Zainal Madon
260 ## - PUBLICATION, DISTRIBUTION, ETC.
Place of publication, distribution, etc. Bentong :
Name of publisher, distributor, etc. PTS Publications & Distributors,
Date of publication, distribution, etc. 2003
300 00 - PHYSICAL DESCRIPTION
Extent iii, 163ms. :
Other physical details il. ;
Dimensions 23cm
504 ## - BIBLIOGRAPHY, ETC. NOTE
Bibliography, etc. note Bibliografi : ms. [162]-163
650 #0 - SUBJECT ADDED ENTRY--TOPICAL TERM
Topical term or geographic name entry element Study skills
Form subdivision Handbooks, manuals, etc.
9 (RLIN) 4522
650 #0 - SUBJECT ADDED ENTRY--TOPICAL TERM
Topical term or geographic name entry element Motivation in education
Form subdivision Handbooks, manuals, etc.
9 (RLIN) 4523
700 0# - ADDED ENTRY--PERSONAL NAME
Personal name Zainal Madon,
Dates associated with a name 1973-
9 (RLIN) 1420
942 ## - ADDED ENTRY ELEMENTS (KOHA)
Source of classification or shelving scheme
Koha item type Book
Holdings
Withdrawn status Lost status Source of classification or shelving scheme Damaged status Not for loan Collection code Home library Current library Shelving location Date acquired Inventory number Total Checkouts Full call number Barcode Date last seen Price effective from Koha item type
          NON-FICTION AKMAL Melaka AKMAL Melaka PINJAMAN 15.05.2017 304197   371.30281 MOH 201706583 15.05.2017 15.05.2017 Book
Pusat Sumber Maklumat Dato' Haji Sarmin Md Hussin, Akademi Kastam Diraja Malaysia, Melaka
Tel: 06-2331106 | Faks: 06-2313787